书目信息 |
| 题名: |
建设工程安全生产技术与管理
|
|
| 作者: | 董颇 主编 | |
| 分册: | ||
| 出版信息: | 武汉 武汉理工大学出版社 2004.12 |
|
| 页数: | 272页 | |
| 开本: | 26cm | |
| 丛书名: | 高职高专工程管理专业系列教材 | |
| 单 册: | ||
| 中图分类: | TU741 | |
| 科图分类: | ||
| 主题词: | 建筑工程--工程施工--安全技术 | |
| 电子资源: | ||
| ISBN: | 7-5629-2178-4 | |
| 000 | 00878nam 2200253 450 | |
| 001 | 010261514734 | |
| 005 | 20050820110057.48 | |
| 010 | @a7-5629-2178-4@d28.00CNY | |
| 100 | @a20050514d2004 km y0chiy0120 ea | |
| 101 | 0 | @achi |
| 102 | @aCN@b420000 | |
| 105 | @aa a 000yy | |
| 200 | 1 | @a建设工程安全生产技术与管理@Ajian she gong cheng an quan sheng chan ji shu yu guan li@f董颇主编@Fdong po zhu bian |
| 210 | @a武汉@c武汉理工大学出版社@d2004.12 | |
| 215 | @a272页@c图@d26cm | |
| 225 | 2 | @a高职高专工程管理专业系列教材 |
| 320 | @a有书目。 | |
| 330 | @a本书的编写除吸纳了国内有关安全生产方面的内容外,还补充了最新的法律法规以及建筑企业先进的安全管理方法。 | |
| 410 | 0 | @12001 @a高职高专工程管理专业系列教材 |
| 606 | 0 | @a建筑工程@x工程施工@x安全技术 |
| 690 | @aTU741@v4 | |
| 701 | 0 | @a董颇@Adong po@4主编 |
| 801 | 0 | @aCN@bQSSK@c20050820 |
| 905 | @a10447@dTU741@eD680 | |
| 建设工程安全生产技术与管理/董颇主编.-武汉:武汉理工大学出版社,2004.12 |
| 272页:图;26cm.-(高职高专工程管理专业系列教材) |
| ISBN 7-5629-2178-4:28.00CNY |
| 本书的编写除吸纳了国内有关安全生产方面的内容外,还补充了最新的法律法规以及建筑企业先进的安全管理方法。 |
| ● |
| 相关链接 |
|
|
|
正题名:建设工程安全生产技术与管理
索取号:TU741/D680
 
预约/预借
| 序号 | 登录号 | 条形码 | 馆藏地/架位号 | 状态 | 备注 |
| 1 | 562668 | 205626688 | 建筑库201/201建筑库 108排8列2层/ [索取号:TU741/D680] | 在馆 | |
| 2 | 562669 | 205626697 | 城院文库/101建筑库 66排1列1层/ [索取号:TU741/D680] | 在馆 | |
| 3 | 562670 | 205626704 | 建筑库201/201建筑库 108排8列2层/ [索取号:TU741/D680] | 在馆 |